2026 NBA All Star Teams. - Statistics

General Stats
  • This quiz has been taken 79 times
  • The average score is 22 of 28
Answer Stats
Hint Answer % Correct
Stars Jalen Duren
97%
Stripes LeBron James
97%
Stripes Stephen Curry
94%
World Luka Doncic
92%
World Shai Gilgeous-Alexander
92%
Stripes Kevin Durant
91%
World Nikola Jokic
91%
World Victor Wembanyama
91%
Stars Anthony Edwards
89%
Stars Cade Cunningham
89%
World Giannis Antetokounmpo
89%
Stripes Jalen Brunson
85%
Stripes Kawhi Leonard
85%
Stripes Jaylen Brown
83%
World Karl Anthony-Towns
83%
Stars Devin Booker
82%
Stripes Donovan MItchell
78%
World Alperen Sengun
75%
Stars Jalen Johnson
74%
Stars Scottie Barnes
74%
Stars Tyrese Maxey
72%
World Jamal Murray
69%
Stars Chet Holmgren
68%
World Deni Avdija
65%
Stripes De'aaron Fox
63%
World Pascal Siakam
58%
Stripes Brandon Ingram
54%
World Norman Powell
52%
No matching quizzes found
Score Distribution
Percent of People with Each Score
Percentile by Number Answered
Your Score History
You have not taken this quiz